[Event "ODJM A 2025"]
[Site "Willingen GER"]
[Date "2025.06.13"]
[Round "8"]
[White "Friedhoff, Mirco"]
[Black "Meyer, Henry Paul"]
[Result "1/2-1/2"]
[Termination "normal"]
[Board "36"]
[WhiteElo "1838"]
[BlackElo "1841"]
[WhiteClock "00:06:15"]
[BlackClock "00:13:01"]
[PlyCount "53"]
[WhiteFideId "16243447"]
[BlackFideId "34645802"]
[EventCountry "GER"]
[EventRounds "9"]
[EventType "swiss"]
[EventDate "2025.06.07"]

1. e4 {[%clk 01:30:59]} c5 {[%clk 01:30:53]} {[%emt 00:00:08]} 2. Nc3 {[%clk
01:31:25]} {[%emt 00:00:03]} Nc6 {[%clk 01:31:15]} {[%emt 00:00:09]} 3. f4
{[%clk 01:30:57]} {[%emt 00:00:58]} g6 {[%clk 01:31:05]} {[%emt 00:00:40]} 4.
Nf3 {[%clk 01:30:52]} {[%emt 00:00:35]} Bg7 {[%clk 01:30:52]} {[%emt 00:00:42]}
5. Bb5 {[%clk 01:25:41]} {[%emt 00:05:41]} Nd4 {[%clk 01:29:01]} {[%emt
00:02:21]} 6. Bd3 {[%clk 01:26:03]} {[%emt 00:00:08]} Nf6 {[%clk 01:22:16]}
{[%emt 00:07:15]} 7. O-O {[%clk 01:23:45]} {[%emt 00:02:46]} d6 {[%clk
01:21:13]} {[%emt 00:01:35]} 8. Nxd4 {[%clk 01:20:25]} {[%emt 00:03:51]} cxd4
{[%clk 01:19:49]} {[%emt 00:01:53]} 9. Ne2 {[%clk 01:18:59]} {[%emt 00:01:57]}
e5 {[%clk 01:12:50]} {[%emt 00:07:29]} 10. Ng3 {[%clk 01:15:23]} {[%emt
00:04:06]} O-O {[%clk 01:03:30]} {[%emt 00:09:50]} 11. b3 {[%clk 01:11:27]}
{[%emt 00:04:26]} Re8 {[%clk 00:49:02]} {[%emt 00:14:56]} 12. f5 {[%clk
01:03:29]} {[%emt 00:08:29]} d5 {[%clk 00:43:38]} {[%emt 00:05:54]} 13. Qf3
{[%clk 00:54:13]} {[%emt 00:09:46]} Qe7 {[%clk 00:31:47]} {[%emt 00:12:22]} 14.
a4 {[%clk 00:46:13]} {[%emt 00:08:30]} dxe4 {[%clk 00:29:32]} {[%emt 00:02:45]}
15. Nxe4 {[%clk 00:40:59]} {[%emt 00:05:42]} Nxe4 {[%clk 00:29:30]} {[%emt
00:00:33]} 16. Bxe4 {[%clk 00:16:17]} {[%emt 00:25:12]} gxf5 {[%clk 00:27:31]}
{[%emt 00:02:30]} 17. Bxf5 {[%clk 00:16:03]} {[%emt 00:00:44]} Bxf5 {[%clk
00:25:01]} {[%emt 00:03:00]} 18. Qxf5 {[%clk 00:16:28]} {[%emt 00:00:05]} Qe6
{[%clk 00:24:54]} {[%emt 00:00:35]} 19. Qe4 {[%clk 00:15:44]} {[%emt 00:01:16]}
b6 {[%clk 00:22:12]} {[%emt 00:03:12]} 20. Ba3 {[%clk 00:15:42]} {[%emt
00:00:31]} Rac8 {[%clk 00:21:07]} {[%emt 00:01:35]} 21. Rf5 {[%clk 00:12:07]}
{[%emt 00:04:06]} Qc6 {[%clk 00:18:12]} {[%emt 00:03:25]} 22. Qg4 {[%clk
00:12:28]} {[%emt 00:00:08]} Re6 {[%clk 00:16:29]} {[%emt 00:02:13]} 23. Raf1
{[%clk 00:08:53]} {[%emt 00:04:06]} Rg6 {[%clk 00:15:33]} {[%emt 00:01:26]} 24.
Qh3 {[%clk 00:09:18]} {[%emt 00:00:05]} Rh6 {[%clk 00:12:50]} {[%emt 00:03:12]}
25. Qg3 {[%clk 00:09:31]} {[%emt 00:00:17]} Rg6 {[%clk 00:12:55]} {[%emt
00:00:26]} 26. Qh3 {[%clk 00:09:26]} {[%emt 00:00:34]} Rh6 {[%clk 00:13:01]}
{[%emt 00:00:24]} 27. Qg3 {[%clk 00:06:15]} {[%emt 00:03:40]} 1/2-1/2

[Event "ODJM A 2025"]
[Site "Willingen GER"]
[Date "2025.06.13"]
[Round "8"]
[White "Heilig, Tim Markus"]
[Black "Seifert, Hendrik"]
[Result "0-1"]
[Termination "normal"]
[Board "37"]
[WhiteElo "1926"]
[BlackElo "1811"]
[WhiteClock "00:08:29"]
[BlackClock "00:01:31"]
[PlyCount "72"]
[WhiteFideId "16295935"]
[BlackFideId "16241193"]
[EventCountry "GER"]
[EventRounds "9"]
[EventType "swiss"]
[EventDate "2025.06.07"]

1. e4 {[%clk 01:30:56]} {[%emt 00:00:03]} e5 {[%clk 01:30:53]} {[%emt
00:00:08]} 2. Nf3 {[%clk 01:31:09]} {[%emt 00:00:17]} Nc6 {[%clk 01:31:10]}
{[%emt 00:00:13]} 3. Bc4 {[%clk 01:31:26]} {[%emt 00:00:13]} Nf6 {[%clk
01:31:34]} {[%emt 00:00:05]} 4. d3 {[%clk 01:31:12]} {[%emt 00:00:45]} h6
{[%clk 01:31:58]} {[%emt 00:00:05]} 5. Nc3 {[%clk 01:31:10]} {[%emt 00:00:33]}
d6 {[%clk 01:31:47]} {[%emt 00:00:42]} 6. h3 {[%clk 01:31:01]} {[%emt
00:00:38]} Na5 {[%clk 01:26:11]} {[%emt 00:06:07]} 7. Be3 {[%clk 01:30:31]}
{[%emt 00:01:00]} Nxc4 {[%clk 01:17:56]} {[%emt 00:08:44]} 8. dxc4 {[%clk
01:30:53]} {[%emt 00:00:07]} Be6 {[%clk 01:17:42]} {[%emt 00:00:45]} 9. Qd3
{[%clk 01:28:33]} {[%emt 00:02:50]} Qd7 {[%clk 01:05:08]} {[%emt 00:13:04]} 10.
O-O-O {[%clk 01:26:24]} {[%emt 00:02:39]} Be7 {[%clk 00:57:15]} {[%emt
00:08:23]} 11. Kb1 {[%clk 01:24:10]} {[%emt 00:02:45]} a6 {[%clk 00:55:55]}
{[%emt 00:01:49]} 12. Nd5 {[%clk 01:14:54]} {[%emt 00:09:46]} b5 {[%clk
00:46:27]} {[%emt 00:09:59]} 13. Nxf6+ {[%clk 01:12:17]} {[%emt 00:03:07]} Bxf6
{[%clk 00:44:48]} {[%emt 00:02:08]} 14. c5 {[%clk 01:09:19]} {[%emt 00:03:29]}
Be7 {[%clk 00:37:59]} {[%emt 00:07:20]} 15. cxd6 {[%clk 01:03:54]} {[%emt
00:05:53]} Bxd6 {[%clk 00:34:58]} {[%emt 00:03:31]} 16. Nh4 {[%clk 01:00:56]}
{[%emt 00:03:28]} O-O {[%clk 00:27:12]} {[%emt 00:08:15]} 17. g4 {[%clk
00:57:45]} {[%emt 00:03:41]} Bc4 {[%clk 00:21:32]} {[%emt 00:06:12]} 18. Qd2
{[%clk 00:56:55]} {[%emt 00:01:19]} a5 {[%clk 00:12:46]} {[%emt 00:09:17]} 19.
Nf5 {[%clk 00:54:13]} {[%emt 00:03:12]} Rfd8 {[%clk 00:06:10]} {[%emt
00:07:07]} 20. h4 {[%clk 00:43:11]} {[%emt 00:11:30]} a4 {[%clk 00:04:35]}
{[%emt 00:02:06]} 21. Bxh6 {[%clk 00:39:17]} {[%emt 00:04:24]} g6 {[%clk
00:04:52]} {[%emt 00:00:14]} 22. Qg5 {[%clk 00:37:47]} {[%emt 00:01:58]} Qe6
{[%clk 00:04:29]} {[%emt 00:00:55]} 23. a3 {[%clk 00:34:36]} {[%emt 00:03:40]}
b4 {[%clk 00:02:56]} {[%emt 00:02:03]} 24. axb4 {[%clk 00:30:43]} {[%emt
00:04:24]} a3 {[%clk 00:03:21]} {[%emt 00:00:05]} 25. bxa3 {[%clk 00:27:37]}
{[%emt 00:03:35]} Rdb8 {[%clk 00:03:01]} {[%emt 00:00:50]} 26. Nxd6 {[%clk
00:25:29]} {[%emt 00:02:38]} cxd6 {[%clk 00:03:09]} {[%emt 00:00:23]} 27. Rh3
{[%clk 00:24:06]} {[%emt 00:01:51]} Be2 {[%clk 00:02:48]} {[%emt 00:00:53]} 28.
Rd2 {[%clk 00:22:22]} {[%emt 00:02:13]} Rxb4+ {[%clk 00:01:36]} {[%emt
00:01:42]} 29. Ka1 {[%clk 00:18:26]} {[%emt 00:04:26]} Bf1 {[%clk 00:01:25]}
{[%emt 00:00:41]} 30. Rc3 {[%clk 00:17:12]} {[%emt 00:01:43]} Rab8 {[%clk
00:01:07]} {[%emt 00:00:49]} 31. Rd1 {[%clk 00:14:23]} {[%emt 00:03:19]} Rb2
{[%clk 00:01:04]} {[%emt 00:00:33]} 32. Rb3 {[%clk 00:11:05]} {[%emt 00:03:48]}
R2xb3 {[%clk 00:01:23]} {[%emt 00:00:11]} 33. cxb3 {[%clk 00:11:17]} {[%emt
00:00:18]} Qxb3 {[%clk 00:01:30]} {[%emt 00:00:23]} 34. Qc1 {[%clk 00:11:21]}
{[%emt 00:00:26]} Ra8 {[%clk 00:00:54]} {[%emt 00:01:06]} 35. Qb2 {[%clk
00:08:04]} {[%emt 00:03:47]} Qxd1+ {[%clk 00:01:15]} {[%emt 00:00:09]} 36. Ka2
{[%clk 00:08:29]} {[%emt 00:00:04]} Bc4+ {[%clk 00:01:31]} {[%emt 00:00:14]}
0-1

[Event "ODJM A 2025"]
[Site "Willingen GER"]
[Date "2025.06.13"]
[Round "8"]
[White "Grabowski, Joshua"]
[Black "Jürgenpott, Maximilian"]
[Result "0-1"]
[Termination "normal"]
[Board "38"]
[WhiteElo "1819"]
[BlackElo "1867"]
[WhiteClock "00:48:51"]
[BlackClock "00:17:39"]
[PlyCount "62"]
[WhiteFideId "34678344"]
[BlackFideId "16297733"]
[EventCountry "GER"]
[EventRounds "9"]
[EventType "swiss"]
[EventDate "2025.06.07"]

1. Nf3 {[%clk 01:30:58]} {[%emt 00:00:02]} Nf6 {[%clk 01:30:49]} {[%emt
00:00:12]} 2. d4 {[%clk 01:30:41]} {[%emt 00:00:46]} d5 {[%clk 01:31:09]}
{[%emt 00:00:10]} 3. Bf4 {[%clk 01:30:30]} {[%emt 00:00:40]} c6 {[%clk
01:31:29]} {[%emt 00:00:11]} 4. c3 {[%clk 01:30:04]} {[%emt 00:00:56]} Bf5
{[%clk 01:30:44]} {[%emt 00:01:14]} 5. e3 {[%clk 01:26:06]} {[%emt 00:04:28]}
e6 {[%clk 01:26:56]} {[%emt 00:04:19]} 6. Bd3 {[%clk 01:21:55]} {[%emt
00:04:40]} Bg6 {[%clk 01:27:11]} {[%emt 00:00:15]} 7. Ne5 {[%clk 01:21:00]}
{[%emt 00:01:24]} Nbd7 {[%clk 01:23:55]} {[%emt 00:03:49]} 8. Qc2 {[%clk
01:17:43]} {[%emt 00:03:46]} Nxe5 {[%clk 01:22:58]} {[%emt 00:01:27]} 9. Bxe5
{[%clk 01:17:42]} {[%emt 00:00:32]} Bd6 {[%clk 01:18:11]} {[%emt 00:05:15]} 10.
Bxd6 {[%clk 01:16:32]} {[%emt 00:01:41]} Qxd6 {[%clk 01:18:35]} {[%emt
00:00:06]} 11. Nd2 {[%clk 01:16:16]} {[%emt 00:00:45]} Bxd3 {[%clk 01:05:30]}
{[%emt 00:13:36]} 12. Qxd3 {[%clk 01:16:39]} {[%emt 00:00:07]} O-O {[%clk
01:05:54]} {[%emt 00:00:07]} 13. O-O {[%clk 01:16:08]} {[%emt 00:01:00]} c5
{[%clk 01:05:52]} {[%emt 00:00:32]} 14. dxc5 {[%clk 01:13:12]} {[%emt
00:03:26]} Qxc5 {[%clk 01:05:38]} {[%emt 00:00:44]} 15. Nb3 {[%clk 01:12:46]}
{[%emt 00:00:55]} Qb6 {[%clk 01:02:56]} {[%emt 00:03:12]} 16. Qd4 {[%clk
01:12:09]} {[%emt 00:01:08]} Qc7 {[%clk 00:58:04]} {[%emt 00:05:21]} 17. Rfd1
{[%clk 01:09:13]} {[%emt 00:03:27]} Rfc8 {[%clk 00:57:42]} {[%emt 00:00:51]}
18. Rac1 {[%clk 01:07:28]} {[%emt 00:02:16]} b5 {[%clk 00:57:03]} {[%emt
00:01:09]} 19. Qd3 {[%clk 01:04:09]} {[%emt 00:03:48]} Qc4 {[%clk 00:55:57]}
{[%emt 00:01:34]} 20. Qxc4 {[%clk 01:03:09]} {[%emt 00:01:32]} bxc4 {[%clk
00:56:17]} {[%emt 00:00:10]} 21. Nd2 {[%clk 01:03:32]} {[%emt 00:00:08]} Nd7
{[%clk 00:51:23]} {[%emt 00:05:24]} 22. b3 {[%clk 01:03:14]} {[%emt 00:00:48]}
Ne5 {[%clk 00:44:53]} {[%emt 00:07:00]} 23. b4 {[%clk 01:01:07]} {[%emt
00:02:38]} Nd3 {[%clk 00:43:52]} {[%emt 00:01:30]} 24. Ra1 {[%clk 00:58:39]}
{[%emt 00:02:58]} a5 {[%clk 00:43:37]} {[%emt 00:00:45]} 25. a3 {[%clk
00:58:34]} {[%emt 00:00:35]} Rc7 {[%clk 00:25:48]} {[%emt 00:18:19]} 26. Nb3
{[%clk 00:51:27]} {[%emt 00:07:37]} cxb3 {[%clk 00:23:57]} {[%emt 00:02:20]}
27. Rxd3 {[%clk 00:51:47]} {[%emt 00:00:10]} axb4 {[%clk 00:24:20]} {[%emt
00:00:08]} 28. cxb4 {[%clk 00:51:12]} {[%emt 00:01:05]} b2 {[%clk 00:24:38]}
{[%emt 00:00:11]} 29. Rf1 {[%clk 00:50:41]} {[%emt 00:00:55]} Rc1 {[%clk
00:21:04]} {[%emt 00:04:11]} 30. Rb3 {[%clk 00:50:47]} {[%emt 00:00:24]} Rxa3
{[%clk 00:17:39]} {[%emt 00:03:55]} 31. Rxa3 {[%clk 00:48:51]} {[%emt
00:02:26]} Rxf1+ {[%emt 00:00:06]} 0-1

[Event "ODJM A 2025"]
[Site "Willingen GER"]
[Date "2025.06.14"]
[Round "9"]
[White "Vortmeier, Jan"]
[Black "Kololli, Martin"]
[Result "1/2-1/2"]
[Termination "normal"]
[Board "1"]
[BlackTitle "FM"]
[WhiteElo "2039"]
[BlackElo "2311"]
[WhiteClock "00:01:34"]
[BlackClock "00:03:59"]
[PlyCount "74"]
[WhiteFideId "16261321"]
[BlackFideId "12936910"]
[EventCountry "GER"]
[EventRounds "9"]
[EventType "swiss"]
[EventDate "2025.06.07"]

1. c4 {[%clk 01:30:57]} {[%emt 00:00:02]} e6 {[%clk 01:30:50]} {[%emt
00:00:10]} 2. g3 {[%clk 01:31:22]} {[%emt 00:00:05]} Nf6 {[%clk 01:30:49]}
{[%emt 00:00:31]} 3. Bg2 {[%clk 01:31:45]} {[%emt 00:00:08]} d5 {[%clk
01:31:15]} {[%emt 00:00:04]} 4. Nf3 {[%clk 01:32:10]} {[%emt 00:00:05]} d4
{[%clk 01:31:11]} {[%emt 00:00:34]} 5. O-O {[%clk 01:32:33]} {[%emt 00:00:06]}
Nc6 {[%clk 01:31:23]} {[%emt 00:00:19]} 6. d3 {[%clk 01:32:56]} {[%emt
00:00:07]} e5 {[%clk 01:25:28]} {[%emt 00:06:24]} 7. e3 {[%clk 01:17:04]}
{[%emt 00:16:22]} Be7 {[%clk 01:12:59]} {[%emt 00:12:59]} 8. exd4 {[%clk
01:10:05]} {[%emt 00:07:29]} exd4 {[%clk 01:13:18]} {[%emt 00:00:11]} 9. Na3
{[%clk 01:06:57]} {[%emt 00:03:38]} O-O {[%clk 01:10:48]} {[%emt 00:03:01]} 10.
Nc2 {[%clk 01:04:17]} {[%emt 00:03:09]} a5 {[%clk 01:08:34]} {[%emt 00:02:46]}
11. Bf4 {[%clk 01:01:23]} {[%emt 00:03:23]} h6 {[%clk 01:06:17]} {[%emt
00:02:47]} 12. a3 {[%clk 00:48:47]} {[%emt 00:13:06]} Bf5 {[%clk 00:59:44]}
{[%emt 00:07:03]} 13. Ne5 {[%clk 00:47:24]} {[%emt 00:01:53]} Ra6 {[%clk
00:59:07]} {[%emt 00:01:07]} 14. Nxc6 {[%clk 00:45:48]} {[%emt 00:02:05]} bxc6
{[%clk 00:59:31]} {[%emt 00:00:06]} 15. Rb1 {[%clk 00:19:39]} {[%emt 00:26:40]}
g5 {[%clk 00:38:40]} {[%emt 00:21:21]} 16. Be5 {[%clk 00:18:26]} {[%emt
00:01:41]} c5 {[%clk 00:38:53]} {[%emt 00:00:18]} 17. Bxf6 {[%clk 00:15:53]}
{[%emt 00:03:07]} Bxf6 {[%clk 00:38:17]} {[%emt 00:01:06]} 18. b4 {[%clk
00:15:43]} {[%emt 00:00:45]} axb4 {[%clk 00:29:14]} {[%emt 00:09:24]} 19. axb4
{[%clk 00:16:08]} {[%emt 00:00:06]} Be7 {[%clk 00:29:04]} {[%emt 00:00:39]} 20.
bxc5 {[%clk 00:14:17]} {[%emt 00:02:34]} Bxc5 {[%clk 00:27:50]} {[%emt
00:03:12]} 21. Rb5 {[%clk 00:12:54]} {[%emt 00:00:10]} Qd6 {[%clk 00:28:11]}
{[%emt 00:00:10]} 22. Qf3 {[%clk 00:09:36]} {[%emt 00:03:48]} Bg6 {[%clk
00:28:28]} {[%emt 00:00:13]} 23. Rfb1 {[%clk 00:08:22]} {[%emt 00:01:44]} Kg7
{[%clk 00:24:23]} {[%emt 00:04:36]} 24. R1b3 {[%clk 00:05:49]} {[%emt
00:03:03]} Re8 {[%clk 00:21:45]} {[%emt 00:03:08]} 25. Qd1 {[%clk 00:04:54]}
{[%emt 00:01:23]} c6 {[%clk 00:17:57]} {[%emt 00:04:19]} 26. Rb7 {[%clk
00:05:15]} {[%emt 00:00:09]} Qe6 {[%clk 00:17:33]} {[%emt 00:00:55]} 27. Bf3
{[%clk 00:04:59]} {[%emt 00:00:45]} Qd6 {[%clk 00:11:43]} {[%emt 00:06:20]} 28.
Bh5 {[%clk 00:04:14]} {[%emt 00:01:15]} Ra2 {[%clk 00:10:49]} {[%emt 00:01:24]}
29. Bxg6 {[%clk 00:03:53]} {[%emt 00:00:51]} Kxg6 {[%clk 00:10:05]} {[%emt
00:01:14]} 30. Rb2 {[%clk 00:02:20]} {[%emt 00:02:03]} Rxb2 {[%clk 00:09:26]}
{[%emt 00:01:09]} 31. Rxb2 {[%clk 00:02:44]} {[%emt 00:00:05]} Qe5 {[%clk
00:07:17]} {[%emt 00:02:40]} 32. Qf3 {[%clk 00:02:59]} {[%emt 00:00:15]} Re6
{[%clk 00:07:10]} {[%emt 00:00:38]} 33. Kf1 {[%clk 00:02:43]} {[%emt 00:00:45]}
h5 {[%clk 00:05:49]} {[%emt 00:01:52]} 34. Rb1 {[%clk 00:02:07]} {[%emt
00:01:05]} Rf6 {[%clk 00:05:57]} {[%emt 00:00:23]} 35. Qe2 {[%clk 00:02:28]}
{[%emt 00:00:08]} Qf5 {[%clk 00:06:21]} {[%emt 00:00:07]} 36. Kg2 {[%clk
00:01:32]} {[%emt 00:01:25]} h4 {[%clk 00:05:46]} {[%emt 00:01:05]} 37. h3
{[%clk 00:01:34]} {[%emt 00:00:29]} Re6 {[%clk 00:03:59]} {[%emt 00:02:17]}
1/2-1/2

[Event "ODJM A 2025"]
[Site "Willingen GER"]
[Date "2025.06.14"]
[Round "9"]
[White "Weidenhöfer, Max"]
[Black "Lutze, Max"]
[Result "1-0"]
[Termination "normal"]
[Board "2"]
[WhiteTitle "CM"]
[WhiteElo "2170"]
[BlackElo "2177"]
[WhiteClock "00:01:28"]
[BlackClock "00:09:22"]
[PlyCount "117"]
[WhiteFideId "16230566"]
[BlackFideId "34614850"]
[EventCountry "GER"]
[EventRounds "9"]
[EventType "swiss"]
[EventDate "2025.06.07"]

1. e4 {[%clk 01:30:57]} {[%emt 00:00:02]} c5 {[%clk 01:30:55]} {[%emt
00:00:06]} 2. Nf3 {[%clk 01:31:19]} {[%emt 00:00:07]} d6 {[%clk 01:31:02]}
{[%emt 00:00:23]} 3. d4 {[%clk 01:31:35]} {[%emt 00:00:15]} cxd4 {[%clk
01:31:27]} {[%emt 00:00:05]} 4. Nxd4 {[%clk 01:32:01]} {[%emt 00:00:03]} Nf6
{[%clk 01:31:53]} {[%emt 00:00:05]} 5. Nc3 {[%clk 01:32:19]} {[%emt 00:00:11]}
Nc6 {[%clk 01:32:18]} {[%emt 00:00:06]} 6. Bg5 {[%clk 01:32:26]} {[%emt
00:00:22]} e6 {[%clk 01:32:41]} {[%emt 00:00:07]} 7. Qd2 {[%clk 01:32:49]}
{[%emt 00:00:07]} a6 {[%clk 01:33:07]} {[%emt 00:00:05]} 8. Nxc6 {[%clk
01:33:01]} {[%emt 00:00:18]} bxc6 {[%clk 01:33:30]} {[%emt 00:00:07]} 9. O-O-O
{[%clk 01:33:25]} {[%emt 00:00:05]} Be7 {[%clk 01:32:37]} {[%emt 00:01:24]} 10.
Bxf6 {[%clk 01:33:19]} {[%emt 00:00:36]} gxf6 {[%clk 01:33:00]} {[%emt
00:00:07]} 11. Bc4 {[%clk 01:33:30]} {[%emt 00:00:19]} Bb7 {[%clk 01:33:24]}
{[%emt 00:00:06]} 12. Bb3 {[%clk 01:33:39]} {[%emt 00:00:20]} Qc7 {[%clk
01:32:41]} {[%emt 00:01:14]} 13. Rhe1 {[%clk 01:33:51]} {[%emt 00:00:17]} O-O-O
{[%clk 01:32:12]} {[%emt 00:00:59]} 14. Qe2 {[%clk 01:34:05]} {[%emt 00:00:16]}
Qa5 {[%clk 01:31:30]} {[%emt 00:01:12]} 15. f4 {[%clk 01:27:02]} {[%emt
00:07:33]} h5 {[%clk 01:21:49]} {[%emt 00:10:12]} 16. f5 {[%clk 01:02:32]}
{[%emt 00:25:00]} e5 {[%clk 01:21:15]} {[%emt 00:01:04]} 17. Qf3 {[%clk
00:51:36]} {[%emt 00:11:25]} Rh7 {[%clk 01:04:55]} {[%emt 00:16:51]} 18. Kb1
{[%clk 00:49:12]} {[%emt 00:02:55]} Rg8 {[%clk 00:41:49]} {[%emt 00:23:36]} 19.
g3 {[%clk 00:40:28]} {[%emt 00:09:14]} Rgg7 {[%clk 00:28:24]} {[%emt 00:13:55]}
20. Re3 {[%clk 00:32:50]} {[%emt 00:29:30]} h4 {[%clk 00:24:08]} 21. g4 {[%clk
00:29:27]} h3 {[%clk 00:23:12]} 22. Qe2 {[%clk 00:19:49]} Rh4 {[%clk 00:16:49]}
{[%emt 00:05:43]} 23. Rg3 {[%clk 00:20:04]} {[%emt 00:00:16]} Kb8 {[%clk
00:11:48]} {[%emt 00:05:30]} 24. Qf3 {[%clk 00:18:48]} {[%emt 00:01:46]} Qd8
{[%clk 00:10:43]} {[%emt 00:01:35]} 25. Bc4 {[%clk 00:16:50]} {[%emt 00:02:28]}
Qg8 {[%clk 00:06:13]} {[%emt 00:05:01]} 26. Be2 {[%clk 00:16:55]} Qh8 {[%clk
00:06:13]} 27. Qe3 Qd8 {[%clk 00:06:13]} 28. Bf3 {[%clk 00:16:55]} Rh8 {[%clk
00:06:13]} 29. Qd3 {[%clk 00:16:55]} Qa5 {[%clk 00:06:13]} 30. a3 {[%clk
00:16:55]} Qb6 {[%clk 00:00:35]} {[%emt 00:19:46]} 31. Ka2 {[%clk 00:07:33]}
{[%emt 00:00:39]} a5 {[%clk 00:00:48]} {[%emt 00:00:17]} 32. Be2 {[%clk
00:06:00]} {[%emt 00:02:03]} Rd8 {[%clk 00:00:58]} {[%emt 00:00:19]} 33. Qc4
{[%clk 00:02:26]} {[%emt 00:04:05]} Rh7 {[%clk 00:00:40]} {[%emt 00:00:48]} 34.
Rf3 {[%clk 00:01:15]} {[%emt 00:01:40]} Rh4 {[%clk 00:00:34]} {[%emt 00:00:37]}
35. Rff1 {[%clk 00:01:34]} {[%emt 00:00:11]} Rh7 {[%clk 00:00:55]} {[%emt
00:00:09]} 36. Rd2 {[%clk 00:00:39]} {[%emt 00:01:24]} Qe3 {[%clk 00:00:48]}
{[%emt 00:00:37]} 37. Rfd1 {[%clk 00:01:00]} {[%emt 00:00:09]} Qf4 {[%clk
00:00:41]} {[%emt 00:00:38]} 38. Qb3 {[%clk 00:00:39]} {[%emt 00:00:51]} Kc7
{[%clk 00:00:43]} {[%emt 00:00:27]} 39. Bc4 {[%clk 00:00:34]} {[%emt 00:00:35]}
Rb8 {[%clk 00:00:55]} {[%emt 00:00:18]} 40. Qa4 {[%clk 00:00:33]} {[%emt
00:00:32]} Ra8 {[%clk 00:00:36]} {[%emt 00:00:49]} 41. Qb3 {[%clk 00:16:27]}
{[%emt 00:14:35]} a4 {[%clk 00:26:22]} {[%emt 00:04:45]} 42. Qb4 {[%emt
00:05:55]} Rd8 {[%clk 00:24:26]} {[%emt 00:01:11]} 43. Qxa4 {[%clk 00:08:29]}
{[%emt 00:04:18]} Qe3 {[%clk 00:24:09]} {[%emt 00:00:46]} 44. Bxf7 {[%clk
00:04:18]} {[%emt 00:04:42]} Qb6 {[%clk 00:22:29]} {[%emt 00:02:08]} 45. Qc4
{[%clk 00:03:05]} {[%emt 00:01:44]} Kb8 {[%clk 00:21:10]} {[%emt 00:01:47]} 46.
Qe6 {[%clk 00:02:14]} {[%emt 00:01:23]} Qc7 {[%clk 00:21:24]} {[%emt 00:00:16]}
47. Qb3 {[%clk 00:02:09]} {[%emt 00:00:35]} Rg7 {[%clk 00:21:23]} {[%emt
00:00:32]} 48. Be6 {[%clk 00:02:21]} {[%emt 00:00:18]} Rxg4 {[%clk 00:21:01]}
{[%emt 00:00:50]} 49. Rd3 {[%clk 00:02:32]} {[%emt 00:00:21]} Rh8 {[%clk
00:21:13]} {[%emt 00:00:17]} 50. R1d2 {[%clk 00:02:18]} {[%emt 00:00:44]} Bf8
{[%clk 00:20:58]} {[%emt 00:00:44]} 51. Re2 {[%clk 00:01:59]} {[%emt 00:00:49]}
Qa5 {[%clk 00:17:51]} {[%emt 00:03:37]} 52. Ree3 {[%clk 00:02:07]} {[%emt
00:00:22]} Rgh4 {[%clk 00:17:28]} {[%emt 00:00:54]} 53. Ne2 {[%clk 00:01:22]}
{[%emt 00:01:15]} R8h6 {[%clk 00:16:51]} {[%emt 00:01:07]} 54. c4 {[%clk
00:01:22]} {[%emt 00:00:30]} Kc7 {[%clk 00:14:31]} {[%emt 00:02:49]} 55. Nc3
{[%clk 00:01:34]} {[%emt 00:00:18]} Qb6 {[%clk 00:12:51]} {[%emt 00:02:10]} 56.
Qd1 {[%clk 00:01:37]} {[%emt 00:00:27]} Rf4 {[%clk 00:12:09]} {[%emt 00:01:11]}
57. Qd2 {[%clk 00:01:02]} {[%emt 00:01:06]} Ba6 {[%clk 00:10:18]} {[%emt
00:02:21]} 58. Na4 {[%clk 00:01:04]} {[%emt 00:00:29]} Qa7 {[%clk 00:09:22]}
{[%emt 00:01:25]} 59. Qa5+ {[%clk 00:01:28]} {[%emt 00:00:07]} 1-0